000
00265nam a22001097a 4500
008
160518b xxu||||| |||| 00| 0 eng d
020
_a
1578398509
041
_a
eng
080
_a
61
245
_a
Peds / Pediatric nursing clinical reference:
_c
HCPro;
942
_2
udc
_c
BK
999
_c
2202
_d
2202